000 00780nab a2200229 u 4500
001 09412
003 HDC
007 cr bn ---aaaaa
008 210201c2009 my dr|nes 0 a may d
040 _aHDC
245 0 _aKeusahawanan Cabang Kerjaya Terbaik Majukan Kehidupan
260 _aKuala Lumpur :
_bThe New Straits Times Press (M) Bhd.,
_c2009
336 _atext
_2rdacontent
337 _acomputer
_2rdamedia
338 _aonline resource
_2rdacarrier
650 _aEntrepreneurship
_zMalaysia
_91841
650 _aislamic society
_99733
856 _zRequest full-text at [email protected]
942 _2lcc
942 _cNEWS
942 _kNWSC 002469
999 _c6735
_d6735